000 00700nam a2200289Ia 4500
005 20260324142255.0
008 008 260324s9999 xx 000 0 eng d
020 _a9781003075547
037 _aEBOOK
040 _aCRL
040 _beng
040 _cCRL
041 _2eng
041 _aeng
084 _qCRL
100 _aAlan Robinson; Andrew Ginder; Charles J. Robinson
_91211347
245 0 _aImplementing TPM
245 4 _bThe North American Experience
260 _bTaylor and Francis
260 _c1995
365 _a
365 _b235
856 _uhttp://www.taylorfrancis.com/books/9781003075547
942 _cEBOOK
999 _c1815312
_d1815312